NBA Teams All-Time Scoring Leader - Statistics

General Stats
  • This quiz has been taken 236 times
  • The average score is 20 of 30
Answer Stats
Team # Player % Correct
CHI 29,277 Michael Jordan
96%
DAL 31,560 Dirk Nowitzki
95%
UTA 36,374 Karl Malone
95%
CLE 23,119 LeBron James
95%
LAL 33,643 Kobe Bryant
93%
GSW 23,668 Steph Curry
90%
SAS 26,496 Tim Duncan
90%
HOU 26,511 Hakeem Olajuwon
88%
IND 25,279 Reggie Miller
85%
MIA 21,556 Dwyane Wade
84%
POR 19,376 Damian Lillard
82%
MIN 19,201 Kevin Garnett
80%
NYK 23,665 Patrick Ewing
79%
OKL 18,859 Russell Westbrook
79%
ATL 23,292 Dominique Wilkins
69%
DET 18,822 Isiah Thomas
69%
SAC 22,009 Oscar Robertson
69%
NOP 11,059 Anthony Davis
59%
DEN 21,645 Alex English
58%
BOS 26,395 John Havlicek
58%
PHO 15,666 Walter Davis
57%
BKN 10,444 Brook Lopez
54%
TOR 13,296 DeMar DeRozan
53%
ORL 11,435 Dwight Howard
53%
CHA 12,009 Kemba Walker
51%
MEM 11,733 Mike Conley
42%
WAS 15,551 Elvin Hayes
36%
PHI 21,586 Hal Greer
19%
LAC 12,735 Randy Smith
16%
MIL 18,502 Giannis Antetokoumnpo
7%
No matching quizzes found
Score Distribution
Percent of People with Each Score
Percentile by Number Answered
Your Score History
You have not taken this quiz